Applied Dynamics With Application to Multibody and Mechatronic System 2nd/Ed (Record no. 302108)

000 -LEADER
fixed length control field 00415 a2200145 4500
001 - CONTROL NUMBER
control field 67035
020 ## - INTERNATIONAL STANDARD BOOK NUMBER
International Standard Book Number 9783527407514
082 ## - DEWEY DECIMAL CLASSIFICATION NUMBER
Classification number 531.3 MOO
090 ## - LOCALLY ASSIGNED LC-TYPE CALL NUMBER (OCLC); LOCAL CALL NUMBER (RLIN)
-- 38602
-- 38602
100 ## - MAIN ENTRY--PERSONAL NAME
Personal name Moon,Francis C
245 ## - TITLE STATEMENT
Title Applied Dynamics With Application to Multibody and Mechatronic System 2nd/Ed
Remainder of title Applied Dynamics
Statement of responsibility, etc. Francis C Moon
Medium english
250 ## - EDITION STATEMENT
Edition statement 2nd
260 ## - PUBLICATION, DISTRIBUTION, ETC.
Place of publication, distribution, etc. USA
Name of publisher, distributor, etc. Wiley-Veh
Date of publication, distribution, etc. 2008
300 ## - PHYSICAL DESCRIPTION
Extent xiv 567p ;
942 ## - ADDED ENTRY ELEMENTS (KOHA)
Institution code [OBSOLETE] caenust
Call number prefix 531.3 MOO
Holdings
Withdrawn status Lost status Damaged status Not for loan Collection code Permanent Location Current Location Date acquired Total Checkouts Full call number Barcode Date last seen Price effective from Koha item type
          College of Aeronautical Engineering (CAE) College of Aeronautical Engineering (CAE) 04/03/2017   531.3 MOO CAE82074 04/05/2017 04/05/2017 Book
© 2023 Central Library, National University of Sciences and Technology. All Rights Reserved.